[Event "Torneo Autunno Bergamasco"]
[Site "Bergamo ITA"]
[Date "2007.11.09"]
[Round "5"]
[White "Romano, Zeno"]
[Black "Ranfagni, Stefano"]
[Result "1/2-1/2"]
[WhiteElo "1931"]
[BlackElo "2065"]
[PlyCount "93"]
[EventDate "2007.10.05"]

1. e4 e5 2. Nf3 Nf6 3. Nxe5 d6 4. Nf3 Nxe4 5. d4 d5 6. Nbd2 Bd6 7. Bd3 O-O 8.
O-O Re8 9. Re1 Bf5 10. Nf1 Nc6 11. Ne3 Bg6 12. c3 Bf4 13. Ng4 Bd6 14. Ne3 h5
15. Qb3 Ng5 16. Be2 Na5 17. Qxd5 Rxe3 18. Qxg5 Qxg5 19. Nxg5 Re7 20. Bd2 Rae8
21. Bb5 c6 22. Bf1 b5 23. b3 a6 24. Nf3 Nb7 25. c4 Rxe1 26. Rxe1 Rxe1 27. Nxe1
Bb1 28. a4 bxa4 29. bxa4 c5 30. dxc5 Bxc5 31. Nd3 f6 32. Nxc5 Nxc5 33. a5 Bd3
34. Bb4 Bxf1 35. Kxf1 Nd3 36. Bc3 Kf7 37. Ke2 Nc5 38. Ke3 Ke6 39. Bd4 Nb7 40.
Bb6 g5 41. Kd4 Nd6 42. c5 Nf5+ 43. Ke4 Ne7 44. h3 f5+ 45. Ke3 Nc6 46. h4 Kf6
47. Bc7 1/2-1/2

[Event "Torneo Autunno Bergamasco"]
[Site "Bergamo ITA"]
[Date "2007.11.09"]
[Round "5"]
[White "Salcedo, Cancio Luis E."]
[Black "Bertoletti, Vincenzo"]
[Result "1-0"]
[WhiteElo "1614"]
[BlackElo "1523"]
[PlyCount "91"]
[EventDate "2007.10.05"]

1. e4 d5 2. exd5 Nf6 3. d4 Nxd5 4. c4 Nf6 5. Nc3 Bg4 6. Nf3 e6 7. Be2 Be7 8. h3
Bf5 9. Bf4 O-O 10. Nh4 Be4 11. Nxe4 Nxe4 12. Nf3 Bb4+ 13. Kf1 Nd7 14. Bd3 Nef6
15. g4 Bd6 16. Ne5 Bxe5 17. dxe5 Ne8 18. Qc2 g6 19. Rd1 Qh4 20. Bg3 Qg5 21. f4
Qe7 22. Kg2 Ng7 23. a3 a5 24. h4 h5 25. f5 exf5 26. gxf5 Nxe5 27. Rhe1 f6 28.
fxg6 Qc5 29. Be4 c6 30. Bxe5 fxe5 31. Rd7 b6 32. Qd2 Rf4 33. Rxg7+ Kxg7 34.
Qd7+ Kf8 35. g7+ Kg8 36. Qe6+ Kxg7 37. Qg6+ Kf8 38. Qh6+ Ke7 39. Qg7+ Ke6 40.
Bd5+ cxd5 41. Rxe5+ Kd6 42. Qe7+ Kc6 43. Re6+ Qd6 44. Qxd6+ Kb7 45. Qc6+ Ka7
46. Qxb6# 1-0

[Event "Torneo Autunno Bergamasco"]
[Site "Bergamo ITA"]
[Date "2007.11.09"]
[Round "5"]
[White "Savoldelli, Dario"]
[Black "Riva, Carlo"]
[Result "0-1"]
[WhiteElo "1822"]
[BlackElo "1571"]
[PlyCount "116"]
[EventDate "2007.10.05"]

1. e4 c5 2. Nf3 d6 3. d4 cxd4 4. Nxd4 Nf6 5. Nc3 g6 6. Be3 Bg7 7. f3 O-O 8. Qd2
Nc6 9. g4 Nxd4 10. Bxd4 Be6 11. O-O-O a6 12. a3 Qa5 13. g5 Nd7 14. Bxg7 Kxg7
15. Nd5 Qxd2+ 16. Rxd2 Bxd5 17. exd5 Rac8 18. Bh3 Rc7 19. f4 Nc5 20. Re1 Nb3+
21. Kd1 Nxd2 22. Kxd2 Rc4 23. Rxe7 Rxf4 24. Ke2 Rh4 25. Re3 Rd8 26. Kf2 Rd4 27.
Bg2 Rd2+ 28. Re2 Rxe2+ 29. Kxe2 h5 30. gxh6+ Kxh6 31. c4 f5 32. b4 Kg7 33. Kd3
Kf6 34. Kd4 b6 35. c5 bxc5+ 36. bxc5 dxc5+ 37. Kxc5 Rb8 38. Kc6 Ke7 39. Kc7 Rd8
40. a4 a5 41. Kb6 Kd6 42. Kxa5 Kc5 43. Ka6 Ra8+ 44. Kb7 Rxa4 45. Kc7 Ra7+ 46.
Kd8 Kd6 47. Ke8 Ra2 48. Bf1 Kxd5 49. Kf7 Rxh2 50. Kxg6 f4 51. Kf5 Kd4 52. Kg4
Ke3 53. Bb5 f3 54. Kg3 Rh7 55. Bc4 Rg7+ 56. Kh2 Kf2 57. Be6 Ke1 58. Bh3 f2 0-1

[Event "Torneo Autunno Bergamasco"]
[Site "Bergamo ITA"]
[Date "2007.11.09"]
[Round "5"]
[White "Stefanelli, Alfredo"]
[Black "Giuliani, Andrea"]
[Result "1-0"]
[WhiteElo "1778"]
[BlackElo "1565"]
[PlyCount "86"]
[EventDate "2007.10.05"]

1. d4 f5 2. Nf3 e6 3. c4 Nf6 4. Nc3 Be7 5. e3 O-O 6. Bd3 d6 7. O-O Bd7 8. b4
Qe8 9. Bb2 Qh5 10. Be2 Ng4 11. h3 Rf6 12. e4 Nh6 13. Bc1 f4 14. e5 Rf8 15. Ne1
Qh4 16. b5 Be8 17. Bf3 c6 18. Ba3 d5 19. Bxe7 Qxe7 20. cxd5 cxd5 21. Nd3 Nd7
22. Rc1 Nb6 23. Ne2 Bxb5 24. Ndxf4 Rac8 25. Re1 Rxc1 26. Qxc1 Rc8 27. Qb2 a6
28. Ng3 g6 29. Qb1 Nf5 30. Nxf5 gxf5 31. Nh5 Nc4 32. Nf6+ Kh8 33. Qc1 Nd6 34.
Qa3 Rc6 35. Rb1 Nc8 36. Qe3 Nb6 37. Qg5 Rc8 38. Bh5 Nd7 39. a4 Bc6 40. Rc1 Nxf6
41. exf6 Qf8 42. Re1 Bd7 43. f7 Qb4 1-0

[Event "Torneo Autunno Bergamasco"]
[Site "Bergamo ITA"]
[Date "2007.11.09"]
[Round "5"]
[White "Villa, Claudio"]
[Black "Testa, Luigi"]
[Result "1-0"]
[WhiteElo "1871"]
[BlackElo "1572"]
[PlyCount "55"]
[EventDate "2007.10.05"]

1. b3 e5 2. Bb2 Nc6 3. e3 d5 4. Bb5 a6 5. Bxc6+ bxc6 6. Bxe5 Nf6 7. h3 Be7 8.
Nf3 O-O 9. O-O Bd6 10. Qe2 Re8 11. d4 Bf5 12. Rc1 Qd7 13. c4 h6 14. a3 Ne4 15.
cxd5 cxd5 16. Nc3 c6 17. Na4 Ra7 18. b4 f6 19. Bxd6 Qxd6 20. Nc5 Bc8 21. Qc2
Rc7 22. Qa4 Nxc5 23. Rxc5 Ree7 24. Rac1 Bb7 25. Nd2 Qe6 26. Nb3 Qd7 27. Na5 Ba8
28. Nxc6 1-0

[Event "Torneo Autunno Bergamasco"]
[Site "Bergamo ITA"]
[Date "2007.11.16"]
[Round "6"]
[White "Canova, Luca"]
[Black "Nasoni, Paolo"]
[Result "1-0"]
[WhiteElo "2079"]
[BlackElo "1849"]
[PlyCount "63"]
[EventDate "2007.10.05"]

1. e4 e6 2. d4 d5 3. Nc3 Bb4 4. e5 c5 5. Bd2 Ne7 6. Nb5 Bxd2+ 7. Qxd2 O-O 8.
dxc5 Nd7 9. Nf3 Nxc5 10. Bd3 a6 11. Nbd4 Qc7 12. O-O h6 13. Rfe1 Bd7 14. Rac1
b5 15. Nb3 Nb7 16. c3 Rac8 17. Bb1 Qd8 18. Nfd4 Nc6 19. Re3 Qg5 20. Qd3 g6 21.
Rce1 h5 22. Rg3 Qh6 23. Nf3 Ne7 24. Nfd4 Nc5 25. Nxc5 Rxc5 26. Qf3 Qg7 27. Qe3
Rfc8 28. Qg5 Kf8 29. f4 Nf5 30. Bxf5 exf5 31. e6 Re8 32. exd7 1-0

[Event "Torneo Autunno Bergamasco"]
[Site "Bergamo ITA"]
[Date "2007.11.16"]
[Round "6"]
[White "Di Mauro, Valerio"]
[Black "D'Angheo, Savino"]
[Result "1-0"]
[WhiteElo "1637"]
[BlackElo "1520"]
[PlyCount "93"]
[EventDate "2007.10.05"]

1. e4 c6 2. d4 d5 3. f3 dxe4 4. fxe4 e5 5. Nf3 exd4 6. Bc4 Bg4 7. Bxf7+ Kxf7 8.
Ne5+ Ke8 9. Qxg4 Qa5+ 10. Bd2 Qxe5 11. Qc8+ Ke7 12. Bb4+ Kf7 13. Qxf8+ Kg6 14.
O-O Nf6 15. Rxf6+ Qxf6 16. Qxh8 d3 17. Qe8+ Qf7 18. Qxf7+ Kxf7 19. cxd3 Nd7 20.
Bd6 Ke6 21. e5 Nxe5 22. Bxe5 Kxe5 23. Nc3 Rd8 24. Rd1 b5 25. b4 Kd4 26. Rc1 Ke3
27. Ne4 Rxd3 28. Re1+ Kd4 29. Nc5 Ra3 30. Nb3+ Kc3 31. Na5 Kxb4 32. Nxc6+ Kc3
33. Re3+ Kb2 34. Rxa3 Kxa3 35. Nxa7 b4 36. Nc6 Kxa2 37. Nxb4+ Kb3 38. Nd3 Kc4
39. Nf4 g5 40. Nh5 Kd4 41. Kf2 Ke5 42. Kf3 Kf5 43. Ng3+ Kg6 44. Kg4 h6 45. Nh5
Kf7 46. Kf5 Ke7 47. g4 1-0

[Event "Torneo Autunno Bergamasco"]
[Site "Bergamo ITA"]
[Date "2007.11.16"]
[Round "6"]
[White "Gerali, Paolo"]
[Black "Stefanelli, Alfredo"]
[Result "1-0"]
[WhiteElo "1940"]
[BlackElo "1778"]
[PlyCount "60"]
[EventDate "2007.10.05"]

1. d4 d5 2. c4 e6 3. Nc3 Nf6 4. cxd5 exd5 5. Bg5 Be7 6. e3 O-O 7. Qc2 Nbd7 8.
Bd3 c5 9. Nf3 cxd4 10. exd4 Re8 11. O-O h6 12. Bf4 Nf8 13. h3 a6 14. Rfe1 Be6
15. Qb3 b5 16. Ne5 Rc8 17. Rac1 N8d7 18. Ne2 Nxe5 19. Bxe5 Bd6 20. Nf4 Rxc1 21.
Rxc1 Bxe5 22. dxe5 Nd7 23. Qc3 Nb6 24. Nxe6 fxe6 25. Bg6 Rf8 26. b3 Qd7 27. Qd4
Rc8 28. Rxc8+ Nxc8 29. Qc5 Ne7 30. Bd3 Qc6 1-0

[Event "Torneo Autunno Bergamasco"]
[Site "Bergamo ITA"]
[Date "2007.11.16"]
[Round "6"]
[White "Giuliani, Andrea"]
[Black "Gucciardo, Salvatore"]
[Result "1-0"]
[WhiteElo "1565"]
[BlackElo "1590"]
[PlyCount "53"]
[EventDate "2007.10.05"]

1. e4 d6 2. d4 Nf6 3. Nc3 g6 4. f3 Bg7 5. Be3 c6 6. Qd2 Nbd7 7. O-O-O Qa5 8.
Kb1 b5 9. Bh6 Bxh6 10. Qxh6 b4 11. Nce2 Rb8 12. Nc1 Nb6 13. g4 Na4 14. Nb3 Qb6
15. Ne2 a5 16. h4 Nc3+ 17. bxc3 a4 18. Qd2 axb3 19. cxb3 bxc3 20. Qxc3 Be6 21.
g5 Nd5 22. exd5 Bf5+ 23. Kb2 cxd5 24. Rc1 O-O 25. Bh3 Qa6 26. Bxf5 Ra8 27. Bb1
1-0

[Event "Torneo Autunno Bergamasco"]
[Site "Bergamo ITA"]
[Date "2007.11.16"]
[Round "6"]
[White "Guerini, Matteo"]
[Black "Basletta, Giovanni"]
[Result "0-1"]
[WhiteElo "1440"]
[BlackElo "1362"]
[PlyCount "110"]
[EventDate "2007.10.05"]

1. Nc3 d5 2. d4 Nf6 3. h3 e6 4. a3 Nbd7 5. Nf3 Bd6 6. g3 O-O 7. Bg2 c6 8. h4
Qc7 9. Be3 Re8 10. Bh3 e5 11. dxe5 Nxe5 12. Bxc8 Raxc8 13. Nxe5 Bxe5 14. Bd4
Ng4 15. e3 Qd7 16. Qd2 Qf5 17. O-O-O Qxf2 18. Bxe5 Rxe5 19. Rhf1 Qxe3 20. Rfe1
Qxd2+ 21. Kxd2 Rce8 22. Rxe5 Rxe5 23. Re1 Rxe1 24. Kxe1 f5 25. Ke2 Kf7 26. Kf3
Kf6 27. Kf4 h5 28. Ne2 c5 29. c3 Nf2 30. b3 Nh3+ 31. Kf3 g5 32. hxg5+ Nxg5+ 33.
Kf4 b6 34. a4 a6 35. Ng1 b5 36. axb5 axb5 37. Ne2 Ne6+ 38. Ke3 Kg5 39. Kf3 h4
40. gxh4+ Kxh4 41. Nf4 Nc7 42. Ke3 Kg4 43. Ng6 Ne6 44. Ne5+ Kg3 45. Kd3 f4 46.
Ke2 Ng5 47. b4 c4 48. Kd2 f3 49. Ke1 f2+ 50. Kf1 Ne4 51. Ke2 Kg2 52. Nd3 cxd3+
53. Kxd3 f1=Q+ 54. Kd4 Qc4+ 55. Ke5 Nxc3 0-1

[Event "Torneo Autunno Bergamasco"]
[Site "Bergamo ITA"]
[Date "2007.11.16"]
[Round "6"]
[White "Impellizzeri, Francesco"]
[Black "Villa, Claudio"]
[Result "0-1"]
[WhiteElo "1760"]
[BlackElo "1871"]
[PlyCount "66"]
[EventDate "2007.10.05"]

1. d4 d5 2. Nf3 Nf6 3. c4 dxc4 4. e3 e6 5. Bxc4 c5 6. O-O Nc6 7. Nc3 cxd4 8.
exd4 Be7 9. d5 exd5 10. Nxd5 O-O 11. Nxe7+ Qxe7 12. Re1 Qc5 13. Qc2 Qh5 14. Be2
Bg4 15. h3 Bxf3 16. Bxf3 Nd4 17. Qd3 Nxf3+ 18. Qxf3 Qxf3 19. gxf3 Nd5 20. Bd2
f6 21. Re4 Rfe8 22. Rae1 Kf7 23. a3 Re7 24. Kg2 Rc8 25. Kg3 Rc2 26. Rxe7+ Nxe7
27. Bc3 Nf5+ 28. Kg2 Nh4+ 29. Kg3 g5 30. f4 Nf5+ 31. Kg4 Rxf2 32. fxg5 Kg6 33.
gxf6 h5# 0-1

[Event "Torneo Autunno Bergamasco"]
[Site "Bergamo ITA"]
[Date "2007.11.16"]
[Round "6"]
[White "Longo, Pietro"]
[Black "Salcedo, Cancio Luis E."]
[Result "1-0"]
[WhiteElo "1929"]
[BlackElo "1614"]
[PlyCount "65"]
[EventDate "2007.10.05"]

1. e4 e5 2. Nf3 Nc6 3. Bb5 a6 4. Ba4 b5 5. Bb3 Bc5 6. O-O Nf6 7. c3 O-O 8. d4
Bb6 9. Bg5 Re8 10. Re1 d6 11. h3 h6 12. Bh4 Qe7 13. Qd3 Na5 14. Bc2 c5 15. Nbd2
Nc6 16. dxe5 dxe5 17. Qe2 Be6 18. a4 c4 19. axb5 axb5 20. b3 cxb3 21. Bxb3 Bxb3
22. Nxb3 g5 23. Qxb5 Qc7 24. Rxa8 Rxa8 25. Bg3 Ra2 26. Nbd2 Nh5 27. Kh2 Nxg3
28. fxg3 Kg7 29. Nc4 Bf2 30. Rd1 f6 31. Nd6 Kh7 32. Ne8 Qa7 33. Rd7+ 1-0

[Event "Torneo Autunno Bergamasco"]
[Site "Bergamo ITA"]
[Date "2007.11.16"]
[Round "6"]
[White "Maggioni, Oliviero"]
[Black "Savoldelli, Dario"]
[Result "0-1"]
[WhiteElo "1493"]
[BlackElo "1822"]
[PlyCount "54"]
[EventDate "2007.10.05"]

1. e3 c5 2. Nc3 g6 3. Nf3 Bg7 4. d4 cxd4 5. exd4 Nf6 6. Be2 O-O 7. O-O d6 8.
Re1 Nbd7 9. Bf4 Nb6 10. h3 Be6 11. Rb1 Rc8 12. Nd2 Rxc3 13. bxc3 Nfd5 14. Rxb6
axb6 15. Qa1 Nxf4 16. Bf3 Qc7 17. Qb2 Ra8 18. a3 Bd5 19. Bxd5 Nxd5 20. c4 Nf4
21. Re3 Qc6 22. f3 Qc7 23. c3 e5 24. Kf1 Qc6 25. d5 Qc5 26. Re4 Qxa3 27. Qxb6
Qc1+ 0-1

[Event "Torneo Autunno Bergamasco"]
[Site "Bergamo ITA"]
[Date "2007.11.16"]
[Round "6"]
[White "Mazzotti, Federico"]
[Black "Gozzini, Giambattista"]
[Result "0-1"]
[WhiteElo "1853"]
[BlackElo "1887"]
[PlyCount "44"]
[EventDate "2007.10.05"]

1. e4 c6 2. Nc3 d5 3. Nf3 dxe4 4. Nxe4 Nd7 5. Bc4 e6 6. Qe2 Ngf6 7. Neg5 Nd5 8.
d3 h6 9. Bxd5 cxd5 10. Nh3 Bd6 11. Nf4 Nf6 12. O-O g5 13. Nxe6 Bxe6 14. Nd4 Qd7
15. Nf5 O-O-O 16. Nxd6+ Qxd6 17. f4 Bg4 18. Qf2 d4 19. fxg5 hxg5 20. Qxf6 Qxh2+
21. Kf2 Rh3 22. Bxg5 Qg3+ 0-1

[Event "Torneo Autunno Bergamasco"]
[Site "Bergamo ITA"]
[Date "2007.11.16"]
[Round "6"]
[White "Merletti, Vincenzo"]
[Black "Cambieri, Mario"]
[Result "0-1"]
[WhiteElo "1554"]
[BlackElo "1877"]
[PlyCount "51"]
[EventDate "2007.10.05"]

1. d4 Nf6 2. c4 c5 3. d5 e6 4. Nc3 exd5 5. cxd5 d6 6. e4 g6 7. Be2 Bg7 8. Nf3
Bg4 9. Nd2 Bxe2 10. Nxe2 b5 11. Rb1 Nbd7 12. f4 O-O 13. O-O c4 14. Nd4 Qb6 15.
Nxc4 bxc4 16. Be3 Nc5 17. Nc6 Nfxe4 18. f5 Qc7 19. Qc2 Rfe8 20. Qxc4 Ng3 21.
hxg3 Rxe3 22. fxg6 hxg6 23. Rbe1 Rae8 24. Rxe3 Rxe3 25. b3 Ne4 26. Rf3 0-1

[Event "Torneo Autunno Bergamasco"]
[Site "Bergamo ITA"]
[Date "2007.11.16"]
[Round "6"]
[White "Minieri, Filippo"]
[Black "Oteri, Aldo"]
[Result "1-0"]
[WhiteElo "2124"]
[BlackElo "1898"]
[PlyCount "32"]
[EventDate "2007.10.05"]

1. c4 e5 2. e3 Nf6 3. d4 exd4 4. exd4 d5 5. Nc3 Be7 6. Nf3 Bg4 7. cxd5 Nxd5 8.
Bc4 Nb6 9. Bxf7+ Kxf7 10. Ne5+ Kf8 11. Qxg4 N8d7 12. f4 Nf6 13. Qe6 Qe8 14. O-O
Bd6 15. Qb3 c6 16. Bd2 a5 1-0

[Event "Torneo Autunno Bergamasco"]
[Site "Bergamo ITA"]
[Date "2007.11.16"]
[Round "6"]
[White "Ranfagni, Stefano"]
[Black "Riggio, Mauro"]
[Result "0-1"]
[WhiteElo "2065"]
[BlackElo "1811"]
[PlyCount "108"]
[EventDate "2007.10.05"]

1. e4 e5 2. Nf3 Nc6 3. d4 exd4 4. Nxd4 Bc5 5. Nb3 Bb6 6. a4 a6 7. Nc3 d6 8. Nd5
Ba7 9. Be3 Bxe3 10. Nxe3 Nge7 11. Bd3 O-O 12. O-O Kh8 13. f4 f5 14. exf5 Nxf5
15. Nxf5 Bxf5 16. Bxf5 Rxf5 17. c3 Qf6 18. Qd2 Rf8 19. Rae1 g5 20. Nd4 Nxd4 21.
Qxd4 Qxd4+ 22. cxd4 Rxf4 23. Rxf4 Rxf4 24. Re8+ Kg7 25. Rb8 Rxd4 26. Rxb7 Rc4
27. b3 Rc2 28. b4 Kf6 29. Ra7 Rc4 30. b5 axb5 31. axb5 h5 32. Ra6 Ke5 33. b6
cxb6 34. Rxb6 Rf4 35. g3 Rf3 36. Kg2 g4 37. h3 d5 38. hxg4 hxg4 39. Rg6 Kf5 40.
Rd6 Rd3 41. Kf2 d4 42. Rd8 Rf3+ 43. Ke2 Re3+ 44. Kf2 Ke4 45. Rg8 Rf3+ 46. Kg2
d3 47. Rxg4+ Ke3 48. Rg8 Ke2 49. Rd8 Re3 50. Kh3 d2 51. Rxd2+ Kxd2 52. Kh4 Kd3
53. g4 Ke4 54. Kh5 Rg3 0-1

[Event "Torneo Autunno Bergamasco"]
[Site "Bergamo ITA"]
[Date "2007.11.16"]
[Round "6"]
[White "Riva, Carlo"]
[Black "Biava, Pierluigi"]
[Result "1/2-1/2"]
[WhiteElo "1571"]
[BlackElo "1893"]
[PlyCount "51"]
[EventDate "2007.10.05"]

1. d4 Nf6 2. Nf3 b6 3. c4 e6 4. e3 Bb7 5. Nc3 Bb4 6. Bd2 O-O 7. Bd3 d5 8. cxd5
Nxd5 9. Nxd5 Bxd2+ 10. Nxd2 exd5 11. O-O Nd7 12. Rc1 c5 13. dxc5 bxc5 14. Qh5
g6 15. Qg4 Ne5 16. Qe2 Nxd3 17. Qxd3 c4 18. Qd4 Qb6 19. Qxb6 axb6 20. a3 Ra5
21. Nf3 Rb5 22. Rc2 Rb3 23. Nd4 Rd3 24. Rc3 Rxc3 25. bxc3 Ra8 26. Ra1 1/2-1/2

[Event "Torneo Autunno Bergamasco"]
[Site "Bergamo ITA"]
[Date "2007.11.16"]
[Round "6"]
[White "Romano, Zeno"]
[Black "Elitropi, Giorgio"]
[Result "0-1"]
[WhiteElo "1931"]
[BlackElo "2006"]
[PlyCount "56"]
[EventDate "2007.10.05"]

1. e4 c5 2. Nf3 d6 3. d4 cxd4 4. Nxd4 Nf6 5. Nc3 g6 6. Be3 Bg7 7. f3 O-O 8. Qd2
Nc6 9. Bc4 Bd7 10. O-O-O Ne5 11. Bb3 Rc8 12. g4 b5 13. h4 b4 14. Nd5 Nxd5 15.
exd5 a5 16. h5 a4 17. hxg6 axb3 18. Qh2 h5 19. Qxh5 fxg6 20. Qh7+ Kf7 21. Bh6
Rg8 22. axb3 Qa5 23. f4 Qa1+ 24. Kd2 Qxb2 25. Ke1 Qc3+ 26. Kf1 Nxg4 27. f5 Bxf5
28. Ke2 Nxh6 0-1

[Event "Torneo Autunno Bergamasco"]
[Site "Bergamo ITA"]
[Date "2007.11.16"]
[Round "6"]
[White "Testa, Luigi"]
[Black "Attuati, Stefano"]
[Result "0-1"]
[WhiteElo "1572"]
[BlackElo "1464"]
[PlyCount "72"]
[EventDate "2007.10.05"]

1. e4 c5 2. Nf3 d6 3. Bc4 Nf6 4. Nc3 Nc6 5. O-O a6 6. d3 e6 7. d4 d5 8. exd5
exd5 9. Re1+ Be7 10. Be2 O-O 11. b3 Bf5 12. Bb2 b5 13. Ne5 Nxd4 14. Bd3 Bxd3
15. cxd3 Re8 16. Ne2 Nxe2+ 17. Rxe2 Qc7 18. h3 Bd6 19. Nf3 Rxe2 20. Qxe2 Re8
21. Qc2 d4 22. Rc1 Nd5 23. Ba1 Qa5 24. a4 Nf4 25. Kf1 Re2 26. Qd1 Ra2 27. Rc2
Ra3 28. g3 Nd5 29. Re2 bxa4 30. Re8+ Bf8 31. Ng5 Qb5 32. Qh5 Qxd3+ 33. Kg2 Qg6
34. Qg4 Qc6 35. Ne4 Qxe8 36. Ng5 Qc6 0-1

[Event "Torneo Autunno Bergamasco"]
[Site "Bergamo ITA"]
[Date "2007.11.23"]
[Round "7"]
[White "Attuati, Stefano"]
[Black "Mazzotti, Federico"]
[Result "0-1"]
[WhiteElo "1464"]
[BlackElo "1853"]
[PlyCount "59"]
[EventDate "2007.10.05"]

1. d4 d5 2. c4 e5 3. Nc3 exd4 4. Qxd4 dxc4 5. Qxd8+ Kxd8 6. e3 Be6 7. Nf3 Nc6
8. Ng5 Nb4 9. Kd1 Nd3 10. Nce4 Nf6 11. Bxd3 cxd3 12. f3 Nxe4 13. Nxe6+ fxe6 14.
fxe4 c5 15. b3 Be7 16. Bb2 b5 17. a4 bxa4 18. Rxa4 Rf8 19. Ke1 Rb8 20. Rxa7
Rxb3 21. Ra2 c4 22. Ra8+ Kd7 23. Rxf8 Bxf8 24. Bc1 c3 25. Kf2 d2 26. Bxd2 cxd2
27. Rd1 Bb4 28. Ke2 Ra3 29. Rb1 Ba5 30. Rd1 0-1

[Event "Torneo Autunno Bergamasco"]
[Site "Bergamo ITA"]
[Date "2007.11.23"]
[Round "7"]
[White "Basletta, Giovanni"]
[Black "Testa, Luigi"]
[Result "0-1"]
[WhiteElo "1362"]
[BlackElo "1572"]
[PlyCount "90"]
[EventDate "2007.10.05"]

1. e4 e5 2. Nf3 Nf6 3. Nxe5 Qe7 4. d4 d6 5. Nf3 Qxe4+ 6. Be3 Be7 7. Bd3 Qc6 8.
h3 O-O 9. O-O Be6 10. Re1 Nbd7 11. b3 Rfe8 12. c4 d5 13. Nbd2 Bb4 14. Re2 a6
15. cxd5 Bxd5 16. Rc1 Qb6 17. Nc4 Qa7 18. Nfe5 Bd6 19. Bf5 Nf8 20. Re1 b6 21.
Nc6 Qb7 22. N4e5 Bxe5 23. Nxe5 Bxg2 24. f3 g6 25. Kxg2 gxf5 26. Kf2 Ng6 27. Rg1
c5 28. Nc4 Rad8 29. Bg5 Rxd4 30. Qc2 b5 31. Bxf6 bxc4 32. Bxd4 cxd4 33. Qxc4
Rd8 34. Rcd1 Qd7 35. Rd3 Qd6 36. Rgd1 Qh2+ 37. Ke1 Re8+ 38. Re3 Rxe3+ 39. Kf1
Qh1+ 40. Kf2 Qxf3+ 41. Kg1 Qxd1+ 42. Kg2 Qd2+ 43. Kg1 Re1+ 44. Qf1 Qe3+ 45. Kg2
Nh4+ 0-1

[Event "Torneo Autunno Bergamasco"]
[Site "Bergamo ITA"]
[Date "2007.11.23"]
[Round "7"]
[White "Bertoletti, Vincenzo"]
[Black "Guerini, Matteo"]
[Result "1-0"]
[WhiteElo "1523"]
[BlackElo "1440"]
[PlyCount "83"]
[EventDate "2007.10.05"]

1. d4 d5 2. c4 c6 3. Nc3 Nf6 4. e3 Bf5 5. Nf3 e6 6. Be2 Be7 7. Qb3 Qb6 8. O-O
O-O 9. c5 Qxb3 10. axb3 Re8 11. b4 a6 12. Nh4 Bg6 13. Nxg6 hxg6 14. Re1 Nbd7
15. Bf3 Rad8 16. Bd2 Kf8 17. Ra3 Ra8 18. e4 Nxe4 19. Bxe4 Nf6 20. Bf3 Nh7 21.
Na4 Bg5 22. Be3 f5 23. g3 Kf7 24. h4 Bd8 25. Bf4 Nf6 26. Nc3 Nh5 27. Bxh5 gxh5
28. b5 g6 29. bxc6 bxc6 30. Na4 Ra7 31. Nb6 Bf6 32. Be5 a5 33. f4 Be7 34. Rea1
Bd8 35. Nc8 Rb7 36. Nd6+ Kg8 37. Nxb7 Be7 38. Rxa5 Bxh4 39. gxh4 Kh7 40. Nd6
Rg8 41. Ra7+ Kh6 42. Bf6 1-0

[Event "Torneo Autunno Bergamasco"]
[Site "Bergamo ITA"]
[Date "2007.11.23"]
[Round "7"]
[White "Biava, Pierluigi"]
[Black "Di Mauro, Valerio"]
[Result "1/2-1/2"]
[WhiteElo "1893"]
[BlackElo "1637"]
[PlyCount "73"]
[EventDate "2007.10.05"]

1. c4 e6 2. Nc3 f5 3. g3 Nf6 4. Bg2 c6 5. Nf3 Be7 6. O-O O-O 7. a3 d5 8. cxd5
exd5 9. d4 Bd6 10. Ne5 Nbd7 11. f4 Ne4 12. Nxe4 fxe4 13. Qb3 Kh8 14. Bd2 a5 15.
Rac1 Bxe5 16. fxe5 Rxf1+ 17. Rxf1 b5 18. Qc3 Bb7 19. Bh3 Qe7 20. Bg5 Qxg5 21.
Bxd7 Rd8 22. e6 h6 23. Rf7 Kg8 24. Kf2 Rf8 25. Rxf8+ Kxf8 26. Qc5+ Qe7 27. Qb6
Qf6+ 28. Kg2 e3 29. Qc5+ Kg8 30. e7 Qf2+ 31. Kh3 Qf1+ 32. Kh4 Qf6+ 33. Kg4 Qg6+
34. Kh3 Qh5+ 35. Kg2 Qxe2+ 36. Kh3 Qh5+ 37. Kg2 1/2-1/2

[Event "Torneo Autunno Bergamasco"]
[Site "Bergamo ITA"]
[Date "2007.11.23"]
[Round "7"]
[White "Cambieri, Mario"]
[Black "Romano, Zeno"]
[Result "0-1"]
[WhiteElo "1877"]
[BlackElo "1931"]
[PlyCount "102"]
[EventDate "2007.10.05"]

1. c4 e5 2. Nc3 Nf6 3. g3 d6 4. Bg2 Be7 5. Nf3 c6 6. O-O O-O 7. e4 Nbd7 8. d4
Qc7 9. Qe2 Rd8 10. h3 a5 11. Be3 Bf8 12. Rac1 g6 13. Ne1 Bg7 14. Nd3 Nf8 15.
dxe5 dxe5 16. Na4 N6d7 17. c5 Ne6 18. f4 exf4 19. Nxf4 Ne5 20. Nb6 Rb8 21. Nc4
Nxc4 22. Rxc4 Nxf4 23. Bxf4 Be5 24. Bg5 Re8 25. Bf4 b5 26. Rc2 Be6 27. b3 Rbd8
28. Rd2 Bxf4 29. gxf4 Rxd2 30. Qxd2 Rd8 31. Qc1 Qd7 32. Rf2 Bxh3 33. Bxh3 Qxh3
34. f5 Qg4+ 35. Kh2 Rd1 36. Qf4 Qxf4+ 37. Rxf4 Rd2+ 38. Kg3 Rxa2 39. fxg6 hxg6
40. Rf6 Ra3 41. Rxc6 Rxb3+ 42. Kf4 a4 43. Rb6 a3 44. c6 a2 45. Ra6 Rc3 46. Rxa2
Rxc6 47. Ra8+ Kg7 48. Rb8 Rc5 49. Ke3 Kf6 50. Rb7 Rc3+ 51. Kd4 Rb3 0-1

[Event "Torneo Autunno Bergamasco"]
[Site "Bergamo ITA"]
[Date "2007.11.23"]
[Round "7"]
[White "D'Angheo, Savino"]
[Black "Maggioni, Oliviero"]
[Result "1-0"]
[WhiteElo "1520"]
[BlackElo "1493"]
[PlyCount "83"]
[EventDate "2007.10.05"]

1. d4 f5 2. c4 Nf6 3. Nf3 e6 4. g3 Be7 5. Bg2 c6 6. O-O O-O 7. Nc3 d6 8. Bg5
Nbd7 9. Re1 a6 10. e4 h6 11. Bxf6 Nxf6 12. e5 Nh7 13. exd6 Bxd6 14. d5 cxd5 15.
cxd5 Re8 16. dxe6 Bxe6 17. Nd4 Bf7 18. Nxf5 Rxe1+ 19. Qxe1 Qc7 20. Nxd6 Qxd6
21. Rd1 Qb4 22. Qd2 Rb8 23. a3 Qb6 24. Qd6 Qxd6 25. Rxd6 b6 26. Bd5 Nf6 27.
Bxf7+ Kxf7 28. Rc6 Rb7 29. h3 Ke7 30. Ne2 a5 31. f3 b5 32. b3 Kd7 33. Ra6 b4
34. Rxa5 Kd6 35. a4 Nd5 36. Kf2 Re7 37. Nd4 Nc3 38. Nf5+ Ke6 39. Nxe7 Kxe7 40.
Ra7+ Kf6 41. a5 Nb5 42. Rb7 1-0

[Event "Torneo Autunno Bergamasco"]
[Site "Bergamo ITA"]
[Date "2007.11.23"]
[Round "7"]
[White "Elitropi, Giorgio"]
[Black "Canova, Luca"]
[Result "0-1"]
[WhiteElo "2006"]
[BlackElo "2079"]
[PlyCount "66"]
[EventDate "2007.10.05"]

1. e4 d5 2. Nc3 dxe4 3. Nxe4 Nd7 4. Nf3 Ngf6 5. Ng3 e6 6. Be2 Be7 7. O-O O-O 8.
Re1 b6 9. Bf1 Bb7 10. d3 c5 11. a3 Qc7 12. Ng5 Bd6 13. Nh3 Rad8 14. Bg5 h6 15.
Bd2 Ne5 16. Bc3 Nd5 17. Bxe5 Bxe5 18. c3 Nf4 19. Nxf4 Bxf4 20. Qe2 Rd5 21. Rad1
Rfd8 22. Qc2 Rg5 23. Qe2 h5 24. Kh1 h4 25. Ne4 Rg6 26. h3 Qc6 27. Qh5 Rh6 28.
Qg4 Bb8 29. Qg5 Qc7 30. f4 Rd5 31. Qxh6 gxh6 32. Nf6+ Kh8 33. Nxd5 Bxd5 0-1

[Event "Torneo Autunno Bergamasco"]
[Site "Bergamo ITA"]
[Date "2007.11.23"]
[Round "7"]
[White "Giuliani, Andrea"]
[Black "Impellizzeri, Francesco"]
[Result "0-1"]
[WhiteElo "1565"]
[BlackElo "1760"]
[PlyCount "55"]
[EventDate "2007.10.05"]

1. e4 e6 2. d4 d5 3. Nc3 Bb4 4. e5 c5 5. a3 Bxc3+ 6. bxc3 Ne7 7. Nf3 Nbc6 8.
Be2 Qa5 9. Bd2 Qc7 10. O-O b6 11. Bb5 O-O 12. Re1 Ng6 13. Re3 Nce7 14. Bf1 Bd7
15. Ng5 h6 16. Nf3 Ba4 17. Bd3 a6 18. h4 Nf5 19. Bxf5 exf5 20. Rc1 Nf4 21. Re1
Ne6 22. h5 Qe7 23. Rb1 Rab8 24. g3 Rfc8 25. Nh4 f4 26. Qg4 Qg5 27. Qxg5 hxg5
28. Nf5 0-1